00583nam a22001577a 4500020001800000040000900018082001500027100002600042245005400068260003100122650003300153942001200186999001900198952010400217952010400321 a9781446210451 cNUST a519.5bFIE aField, Andy P.911340 aAn Adventure in Statistics : bThe Reality Enigma aLos Angeles:bSAGE,c2016. aStatistics Textbooks9123179 2ddccBK c609459d609459 00102ddc4070aCEMEbCEMEcGENd2024-06-04l0o519.5 FIEpCEME- 49273r2024-06-04w2024-06-04yBK 00102ddc4070aCEMEbCEMEcGENd2024-06-04l0o519.5 FIEpCEME- 49274r2024-06-04w2024-06-04yBK